Técnicas de la motivación infantil
Sparad:
| Huvudupphovsman: | |
|---|---|
| Materialtyp: | Bok |
| Språk: | spanska |
| Publicerad: |
Bogotá
Ediciones Gamma
2003
|
| Upplaga: | 1a. ed |
| Ämnen: | |
| Taggar: |
Lägg till en tagg
Inga taggar, Lägg till första taggen!
|
MARC
| LEADER | 00000nam a2200000 a 4500 | ||
|---|---|---|---|
| 001 | UCK3131 | ||
| 003 | CL-VaPUC | ||
| 008 | 050415e20030000ck |||||||||||||||||spa|d | ||
| 020 | |a 9589308821v.1 | ||
| 020 | |a 958930883Xv.2 | ||
| 020 | |a 9589308848v.3 | ||
| 020 | |a 9589308813cd | ||
| 082 | 0 | 4 | |a 155.412 |b THO |2 21 |
| 100 | 0 | |a Thoumi, Samira |e author |9 491108 | |
| 245 | 1 | 0 | |a Técnicas de la motivación infantil |
| 250 | |a 1a. ed | ||
| 300 | |a v | ||
| 942 | |c BK | ||
| 945 | |d 20050415 00:00:00 |a cmena | ||
| 260 | |a Bogotá |b Ediciones Gamma |c 2003 | ||
| 500 | |a Incluye Cd-Rom con ayudas diácticas | ||
| 500 | |a v.1: 0 a 2 años | ||
| 500 | |a v.2: 2 a 12 años | ||
| 500 | |a v.3: Talleres para padres y maestros | ||
| 650 | 0 | |a Niños |9 255605 | |
| 650 | 0 | |a Motivación |9 315362 | |
| 650 | 0 | |a Psicología del desarrollo |9 307541 | |
| 650 | 0 | |a Cognición |9 270347 | |
| 650 | 0 | |a Procesos mentales superiores |9 330839 | |
| 650 | 0 | |a Métodos de enseñanza |9 270413 | |
| 650 | 0 | |a Juegos educativos |9 307366 | |
| 583 | |a last modification |c 20171011 02:22:42 |k Rodrigo Vera | ||
| 999 | |c 312398 |d 312396 | ||
| 952 | |0 0 |1 0 |4 0 |6 155_412000000000000_THO_2003 |7 0 |8 A |9 382729 |a BIBEDU |b BIBEDU |d 2019-11-21 |h v.1 |i 4108051 |o 155.412 THO 2003 |p 4108051 |r 2019-11-21 |w 2019-11-21 |y BK |k EBA | ||
| 952 | |0 0 |1 0 |4 0 |6 155_412000000000000_THO_2003 |7 0 |8 A |9 382731 |a BIBEDU |b BIBEDU |d 2019-11-21 |h v.3 |i 4108078 |o 155.412 THO 2003 |p 4108078 |r 2019-11-21 |w 2019-11-21 |y BK |k EBA | ||